<?xml version='1.0' encoding='UTF-8'?>
  <record xmlns="http://www.loc.gov/MARC21/slim">
    <leader>00000cmm a2200000 i 4500</leader>
    <controlfield tag="001">on1376259046</controlfield>
    <controlfield tag="003">OCoLC</controlfield>
    <controlfield tag="005">20251001010212.1</controlfield>
    <controlfield tag="007">cr c| ||||||||</controlfield>
    <controlfield tag="008">230417q13701390xx     fo  j        lat d</controlfield>
    <datafield tag="040" ind1=" " ind2=" ">
      <subfield code="a">QGJ</subfield>
      <subfield code="b">eng</subfield>
      <subfield code="e">rda</subfield>
      <subfield code="e">amremm</subfield>
      <subfield code="c">QGJ</subfield>
      <subfield code="d">QGJ</subfield>
      <subfield code="d">OCLCO</subfield>
      <subfield code="d">QGJ</subfield>
      <subfield code="d">OCLCL</subfield>
    </datafield>
    <datafield tag="035" ind1=" " ind2=" ">
      <subfield code="a">(OCoLC)1376259046</subfield>
    </datafield>
    <datafield tag="242" ind1="1" ind2="0">
      <subfield code="a">Dominicaans Missaal [3].</subfield>
      <subfield code="y">dut</subfield>
    </datafield>
    <datafield tag="245" ind1="0" ind2="0">
      <subfield code="a">Dominican Missal [3],</subfield>
      <subfield code="f">Gemeentearchief Goes</subfield>
    </datafield>
    <datafield tag="264" ind1=" " ind2="0">
      <subfield code="a">[Place of production not identified],</subfield>
      <subfield code="c">[between approximately 1370 and 1390]</subfield>
    </datafield>
    <datafield tag="300" ind1=" " ind2=" ">
      <subfield code="a">1 online resource (manuscript) (approximately 255 leaves (unfoliated)) ;</subfield>
      <subfield code="c">approximately 195 x 135 (approximately 135 x 180) mm</subfield>
    </datafield>
    <datafield tag="336" ind1=" " ind2=" ">
      <subfield code="a">text</subfield>
      <subfield code="b">txt</subfield>
      <subfield code="2">rdacontent</subfield>
    </datafield>
    <datafield tag="337" ind1=" " ind2=" ">
      <subfield code="a">computer</subfield>
      <subfield code="b">c</subfield>
      <subfield code="2">rdamedia</subfield>
    </datafield>
    <datafield tag="338" ind1=" " ind2=" ">
      <subfield code="a">online resource</subfield>
      <subfield code="b">cr</subfield>
      <subfield code="2">rdacarrier</subfield>
    </datafield>
    <datafield tag="340" ind1=" " ind2=" ">
      <subfield code="a">parchment</subfield>
      <subfield code="2">rdamat</subfield>
    </datafield>
    <datafield tag="340" ind1=" " ind2=" ">
      <subfield code="k">1 column, c. 23-24 lines, Gothic littera textualis</subfield>
    </datafield>
    <datafield tag="500" ind1=" " ind2=" ">
      <subfield code="a">Description mainly based on MMDC (Medieval Manuscript in Dutch Collections).</subfield>
    </datafield>
    <datafield tag="500" ind1=" " ind2=" ">
      <subfield code="a">Dating: between approximately 1370 and 1390.</subfield>
    </datafield>
    <datafield tag="500" ind1=" " ind2=" ">
      <subfield code="a">Material: parchment.</subfield>
    </datafield>
    <datafield tag="500" ind1=" " ind2=" ">
      <subfield code="a">Contains a Dominican calendar, with feast days for St. Dominicus, Peter of Verona and Thomas Aquinas.</subfield>
    </datafield>
    <datafield tag="500" ind1=" " ind2=" ">
      <subfield code="a">Contains also a mass for deliverance from the plague, instituted by pope Clemens VI.</subfield>
    </datafield>
    <datafield tag="500" ind1=" " ind2=" ">
      <subfield code="a">Inserted leaf with the maxim "fortis ut mors dilectio", a crude coat of arms and the year 1552.</subfield>
    </datafield>
    <datafield tag="500" ind1=" " ind2=" ">
      <subfield code="a">On the last leaf (former paste down on the pasted side) a bawdy verse on "heer dircks zoen" and a dog.</subfield>
    </datafield>
    <datafield tag="500" ind1=" " ind2=" ">
      <subfield code="a">Layout and script: 1 column, approximately 23-24 lines, Gothic littera textualis. Unfoliated.</subfield>
    </datafield>
    <datafield tag="500" ind1=" " ind2=" ">
      <subfield code="a">Binding: medieval binding, contemporary; blind tooled binding, clasps.</subfield>
    </datafield>
    <datafield tag="500" ind1=" " ind2=" ">
      <subfield code="a">Illustration and decoration: at the section on Advent a decorated initial with gilded border decoration. One or two folia missing at the beginning of the eucharistic prayers, probably with the canon plate and decorated initial.</subfield>
    </datafield>
    <datafield tag="500" ind1=" " ind2=" ">
      <subfield code="a">Region of origin: unknown, but probably Low Countries or Germany.</subfield>
    </datafield>
    <datafield tag="500" ind1=" " ind2=" ">
      <subfield code="a">Publication about described material: C. Dekker, Een schamele landstede : geschiedenis van Goes tot aan de Satisfactie in 1577. Goes 2002. p. 512 and p. 517.</subfield>
    </datafield>
    <datafield tag="500" ind1=" " ind2=" ">
      <subfield code="a">Publication about described material: G.J. Lepoeter, ‘Het zevengetijdencollege in de H. Maria Magdalenakerk te Goes. De bewaard gebleven missalen, tastbare herinnering aan een bijzonder aspect van de katholieke eredienst in de vijftiende en zestiende eeuw’, Bulletin Stichting Oude Zeeuwse Kerken 86 (april 2022), pp. 3-9.</subfield>
    </datafield>
    <datafield tag="500" ind1=" " ind2=" ">
      <subfield code="a">Digitized version: Gemeentearchief Goes</subfield>
    </datafield>
    <datafield tag="533" ind1=" " ind2=" ">
      <subfield code="a">Electronic reproduction.</subfield>
      <subfield code="b">Utrecht:</subfield>
      <subfield code="c">Universiteitsbibliotheek Utrecht,</subfield>
      <subfield code="d">2023</subfield>
    </datafield>
    <datafield tag="561" ind1=" " ind2=" ">
      <subfield code="a">Perhaps originating from the library of the Crutched Friars, Goes. This library was confiscated by the town of Goes in 1583. The manucript was originally made for a member of the Dominican Order, perhaps based in Zierikzee or Burges.</subfield>
    </datafield>
    <datafield tag="563" ind1=" " ind2=" ">
      <subfield code="a">Medieval binding, contemporary; blind tooled binding, clasps.</subfield>
    </datafield>
    <datafield tag="581" ind1=" " ind2=" ">
      <subfield code="a">C. Dekker, Een schamele landstede : geschiedenis van Goes tot aan de Satisfactie in 1577. Goes 2002. p. 512 and p. 517</subfield>
    </datafield>
    <datafield tag="581" ind1=" " ind2=" ">
      <subfield code="a">G.J. Lepoeter, ‘Het zevengetijdencollege in de H. Maria Magdalenakerk te Goes. De bewaard gebleven missalen, tastbare herinnering aan een bijzonder aspect van de katholieke eredienst in de vijftiende en zestiende eeuw’, Bulletin Stichting Oude Zeeuwse Kerken 86 (april 2022), pp. 3-9.</subfield>
    </datafield>
    <datafield tag="655" ind1=" " ind2="7">
      <subfield code="a">missals.</subfield>
      <subfield code="2">aat</subfield>
    </datafield>
    <datafield tag="655" ind1=" " ind2="7">
      <subfield code="a">Missals (Service books)</subfield>
      <subfield code="2">fast</subfield>
    </datafield>
    <datafield tag="655" ind1=" " ind2="7">
      <subfield code="a">Missals (Service books)</subfield>
      <subfield code="2">lcgft</subfield>
    </datafield>
    <datafield tag="655" ind1=" " ind2="7">
      <subfield code="a">Missels.</subfield>
      <subfield code="2">rvmgf</subfield>
    </datafield>
    <datafield tag="710" ind1="2" ind2=" ">
      <subfield code="a">Catholic Church,</subfield>
      <subfield code="e">issuing body.</subfield>
      <subfield code="4">isb</subfield>
      <subfield code="1">https://id.oclc.org/worldcat/entity/E39QH7JmqpFtcqjVcQb3rRcDkt</subfield>
    </datafield>
    <datafield tag="710" ind1="1" ind2=" ">
      <subfield code="a">Goes (Netherlands).</subfield>
      <subfield code="b">Gemeentearchief.</subfield>
      <subfield code="k">Manuscript.</subfield>
    </datafield>
    <datafield tag="710" ind1="2" ind2=" ">
      <subfield code="a">Kruisheren (Goes, Netherlands),</subfield>
      <subfield code="e">former owner.</subfield>
      <subfield code="4">fmo</subfield>
    </datafield>
    <datafield tag="856" ind1="4" ind2="0">
      <subfield code="u">http://objects.library.uu.nl/reader/resolver.php?type=3&amp;obj=1376259046</subfield>
      <subfield code="x">Online</subfield>
      <subfield code="z">Full Text</subfield>
    </datafield>
  </record>